[Event "VIE-ch U11 Girls"]
[Site "Ho Chi Minh City"]
[Date "2014.07.17"]
[Round "8"]
[White "Nguyen, Huu Bich Khoa"]
[Black "Phan, Thi My Huong"]
[Result "1-0"]
[WhiteElo "1737"]
[BlackElo "1738"]
[PlyCount "117"]
[EventDate "2014.07.13"]
[EventType "swiss"]
[EventRounds "9"]
[EventCountry "VIE"]
[SourceTitle "EXT 2016"]
[Source "ChessBase"]
[SourceDate "2015.10.08"]
[SourceVersion "1"]
[SourceVersionDate "2015.10.08"]
[SourceQuality "1"]

1. e4 e5 2. Nf3 Nc6 3. Bc4 Bc5 4. Nc3 Nf6 5. d3 h6 6. 0-0 d6 7. h3 0-0 8. Be3 Bb6 9. d4 exd4 10. Bxd4 Ba5 11. Re1 Be6 12. Bb5 a6 13. Bxc6 bxc6 14. e5 Nd5 15. Qd2 Rb8 16. Rab1 c5 17. Be3 Rxb2 18. Rxb2 Bxc3 19. Qc1 Bxb2 20. Qxb2 Qb8 21. Qa3 Nb4 22. Re2 Bc4 23. Rd2 Nxa2 24. exd6 cxd6 25. Bf4 Qb1+ 26. Kh2 d5 27. Bd6 Re8 28. Qxc5 Qb5 29. Qd4 Qc6 30. Ba3 Qc7+ 31. Kg1 Re4 32. Qa1 Qf4 33. Bb2 Re6 34. Rd4 Qc7 35. Rg4 Rg6 36. Rxg6 fxg6 37. Ne5 Nb4 38. Nxc4 Qxc4 39. Bxg7 Nxc2 40. Qf6 Qc8 41. Bxh6 Qd7 42. Qxg6+ Kh8 43. Qxc2 d4 44. Qa2 d3 45. Qxa6 d2 46. Bxd2 Qxd2 47. g3 Qe1+ 48. Qf1 Qe6 49. g4 Kh7 50. Qd3+ Kg7 51. Kg2 Qc6+ 52. Qf3 Qg6 53. h4 Qh6 54. Qb7+ Kg8 55. Qc8+ Kh7 56. Qf5+ Kg7 57. Qg5+ Qxg5 58. hxg5 Kg6 59. f4 1-0

[Event "VIE-ch U11 Girls"]
[Site "Ho Chi Minh City"]
[Date "2014.07.15"]
[Round "4"]
[White "Nguyen, Huu Bich Khoa"]
[Black "Huynh, Ngoc Anh Thu"]
[Result "1/2-1/2"]
[WhiteElo "1737"]
[BlackElo "1711"]
[PlyCount "69"]
[EventDate "2014.07.13"]
[EventType "swiss"]
[EventRounds "9"]
[EventCountry "VIE"]
[SourceTitle "EXT 2016"]
[Source "ChessBase"]
[SourceDate "2015.10.08"]
[SourceVersion "1"]
[SourceVersionDate "2015.10.08"]
[SourceQuality "1"]

1. e4 e5 2. Nf3 Nc6 3. Bc4 Bc5 4. d3 h6 5. Nc3 Nf6 6. 0-0 0-0 7. h3 d6 8. Re1 Be6 9. Bb5 Ne7 10. Be3 Bb6 11. Bxb6 axb6 12. d4 c6 13. dxe5 dxe5 14. Bd3 Ng6 15. a3 Qc7 16. Qe2 b5 17. b3 Nh5 18. Qd2 Rfd8 19. Red1 Nhf4 20. Qe3 Nxd3 21. Rxd3 f6 22. Kh1 b4 23. Rxd8+ Qxd8 24. Rd1 Qe7 25. axb4 Qxb4 26. Na4 Qe7 27. Nc5 Bf7 28. Rd7 Ra1+ 29. Kh2 Qe8 30. Rxb7 Qd8 31. Nd7 Be8 32. Qb6 Qxb6 33. Nxb6 Rc1 34. c4 Re1 35. Rb8 1/2-1/2

[Event "VIE-ch U11 Girls"]
[Site "Ho Chi Minh City"]
[Date "2014.07.15"]
[Round "5"]
[White "Vo, Thuy Tien"]
[Black "Nguyen, Huu Bich Khoa"]
[Result "0-1"]
[WhiteElo "1708"]
[BlackElo "1737"]
[PlyCount "118"]
[EventDate "2014.07.13"]
[EventType "swiss"]
[EventRounds "9"]
[EventCountry "VIE"]
[SourceTitle "EXT 2016"]
[Source "ChessBase"]
[SourceDate "2015.10.08"]
[SourceVersion "1"]
[SourceVersionDate "2015.10.08"]
[SourceQuality "1"]

1. e4 e5 2. Nf3 Nc6 3. Bb5 d6 4. Nc3 Nf6 5. d3 Be7 6. 0-0 0-0 7. a3 Bg4 8. h3 Bh5 9. Bxc6 bxc6 10. Be3 d5 11. exd5 cxd5 12. Bg5 e4 13. dxe4 dxe4 14. g4 exf3 15. gxh5 Nxh5 16. Bxe7 Qxe7 17. Qxf3 Qg5+ 18. Qg4 Nf4 19. Kh2 Qe5 20. Qg3 Rfe8 21. Rfe1 Qf6 22. Ne4 Qf5 23. Qg4 Qe5 24. Qg5 Qxg5 25. Nxg5 h6 26. Nf3 Kf8 27. Nd4 Red8 28. Rad1 Rab8 29. b4 Rb6 30. c4 Rbd6 31. Re4 g5 32. c5 Rd5 33. Nc6 Rxd1 34. Nxd8 Rxd8 35. a4 Ne6 36. a5 Rd4 37. Rxd4 Nxd4 38. Kg3 Ke7 39. f4 Ne2+ 40. Kf3 Nxf4 41. b5 Nd3 42. b6 cxb6 43. cxb6 Ne5+ 44. Ke4 Nc6 45. bxa7 Nxa7 46. Kd5 Kd7 47. Kc5 Kc7 48. Kd4 f5 49. Ke5 f4 50. Ke4 Kd6 51. Kf3 Ke5 52. Kg4 Ke4 53. h4 f3 54. Kg3 gxh4+ 55. Kf2 h3 56. Kg3 Ke3 57. Kxh3 f2 58. Kg2 Ke2 59. Kg3 f1Q 0-1